The law of international organizations : (Record no. 4339)

000 -LEADER
fixed length control field 00949cam a2200301 a 4500
001 - CONTROL NUMBER
control field 14602810
003 - CONTROL NUMBER IDENTIFIER
control field OSt
005 - DATE AND TIME OF LATEST TRANSACTION
control field 20230710115711.0
008 - FIXED-LENGTH DATA ELEMENTS--GENERAL INFORMATION
fixed length control field 061020s2007 ncu b 001 0 eng
010 ## - LIBRARY OF CONGRESS CONTROL NUMBER
LC control number 2006936989
020 ## - INTERNATIONAL STANDARD BOOK NUMBER
International Standard Book Number 9781594603020
020 ## - INTERNATIONAL STANDARD BOOK NUMBER
International Standard Book Number 1594603022
040 ## - CATALOGING SOURCE
Original cataloging agency DLC
Transcribing agency DLC
050 00 - LIBRARY OF CONGRESS CALL NUMBER
Classification number KZ4986.S33 2007
100 1# - MAIN ENTRY--PERSONAL NAME
Personal name Scharf, Michael P.,
Dates associated with a name 1963-
245 14 - TITLE STATEMENT
Title The law of international organizations :
Remainder of title problems and materials /
Statement of responsibility, etc Michael P. Scharf.
250 ## - EDITION STATEMENT
Edition statement 2nd ed.
260 ## - PUBLICATION, DISTRIBUTION, ETC. (IMPRINT)
Place of publication, distribution, etc Durham, N.C. :
Name of publisher, distributor, etc Carolina Academic Press,
Date of publication, distribution, etc c2007.
300 ## - PHYSICAL DESCRIPTION
Extent xxvii, 1326 p. ;
Dimensions 27 cm.
490 0# - SERIES STATEMENT
Series statement Carolina Academic Press law casebook series
500 ## - GENERAL NOTE
General note Includes index.
610 20 - SUBJECT ADDED ENTRY--CORPORATE NAME
Corporate name or jurisdiction name as entry element United Nations.
650 #0 - SUBJECT ADDED ENTRY--TOPICAL TERM
Topical term or geographic name as entry element International agencies.
650 #0 - SUBJECT ADDED ENTRY--TOPICAL TERM
Topical term or geographic name as entry element International organization.
906 ## - LOCAL DATA ELEMENT F, LDF (RLIN)
a 7
b cbc
c origcop
d 2
e epcn
f 20
g y-gencatlg
942 ## - ADDED ENTRY ELEMENTS (KOHA)
Source of classification or shelving scheme
Koha item type Book
Holdings
Withdrawn status Lost status Source of classification or shelving scheme Damaged status Not for loan Home library Current library Date acquired Total Checkouts Full call number Barcode Date last seen Date checked out Copy number Price effective from Koha item type
          Riara University Library Riara University Library 10/07/2023 2 KZ4986.S33 2007 10660/23 27/01/2025 24/01/2025 C.1 10/07/2023 Book

Riara University Library,
P.O. Box 49940-00100,
Nairobi, Kenya.